000 00699nam a2200289Ia 4500
005 20260324143650.0
008 008 260324s9999 xx 000 0 eng d
020 _a9780203043660
037 _aEBOOK
040 _aCRL
040 _beng
040 _cCRL
041 _2eng
041 _aeng
084 _qCRL
100 _aDavid M. Glantz
245 0 _aSoviet Documents on the Use of War Experience
245 0 _bVolume Two: The Winter Campaign, 1941-1942
260 _bTaylor and Francis
260 _c1991
365 _a
365 _b255
856 _uhttp://www.taylorfrancis.com/books/9780203043660
942 _cEBOOK
999 _c1822138
_d1822138